|
|
|
|
| LEADER |
00000cam a2200000 i 4500 |
| 001 |
1/47210 |
| 008 |
980625s1900 gr | ||| |||| ||gre|| |
| 035 |
|
|
|l 10043001
|
| 040 |
|
|
|a GR-MyUA
|b gre
|e AACR2
|
| 041 |
0 |
|
|a gre
|
| 082 |
0 |
|
|a 780.92
|
| 245 |
1 |
3 |
|a Οι μεγάλοι μουσουργοί /
|c επιμέλεια Μανώλη Καλομοίρη.
|
| 260 |
|
|
|a [χ.τ.] :
|b [χ.ό.],
|c [19--].
|
| 300 |
|
|
|a 510 σ. :
|b εικ. ;
|c 25 εκ.
|
| 650 |
0 |
0 |
|a Composers
|x Biography.
|
| 650 |
0 |
0 |
|a Music
|x Biography.
|
| 700 |
1 |
|
|a Καλομοίρης, Μανώλης,
|d 1883-1962.
|
| 852 |
|
|
|a INST
|b SAMOS
|e 19980625
|h 780.92 ΜΕΓ
|p 005300011057
|q 005300011057
|t BK
|y 0
|
| 901 |
|
|
|a BIBL-1998-2
|
| 909 |
|
|
|a Σ
|b 051255
|
| 922 |
|
|
|a 3ΕΛΗ
|b 199709
|c ΔΩΡ
|d ΠΑΡΙΑΝΟΣ
|